137259 (Record no. 353697)

000 -LEADER
fixed length control field 00531nam a22001937a 4500
003 - CONTROL NUMBER IDENTIFIER
control field OSt
005 - DATE AND TIME OF LATEST TRANSACTION
control field 20180116192415.0
008 - FIXED-LENGTH DATA ELEMENTS--GENERAL INFORMATION
fixed length control field 130530t xxu||||| |||| 00| 0 eng d
040 ## - CATALOGING SOURCE
Transcribing agency 0
082 ## - DEWEY DECIMAL CLASSIFICATION NUMBER
Classification number 770
100 1# - MAIN ENTRY--PERSONAL NAME
Personal name Rizwan Basir
9 (RLIN) 6524
245 10 - TITLE STATEMENT
Title 137259
Remainder of title the left side of IT all. before the mention and the fall
246 ## - VARYING FORM OF TITLE
Title proper/short title One Three Seven two five nine
260 ## - PUBLICATION, DISTRIBUTION, ETC.
Place of publication, distribution, etc. S.L.
Name of publisher, distributor, etc. S.N.
Date of publication, distribution, etc. 2013
300 ## - PHYSICAL DESCRIPTION
Extent varies
650 ## - SUBJECT ADDED ENTRY--TOPICAL TERM
Topical term or geographic name entry element Photography
9 (RLIN) 6525
942 ## - ADDED ENTRY ELEMENTS (KOHA)
Source of classification or shelving scheme
Koha item type Book
Holdings
Withdrawn status Lost status Source of classification or shelving scheme Damaged status Not for loan Permanent Location Current Location Date acquired Source of acquisition Total Checkouts Full call number Barcode Date last seen Date last checked out Copy number Cost, replacement price Price effective from Koha item type
          School of Art Design and Architecture (SADA) School of Art Design and Architecture (SADA) 05/28/2013 Donation 2 770 RIZ 2013 SADAD0000059 12/16/2015 11/26/2015 1 0.00 05/30/2013 Book
© 2023 Central Library, National University of Sciences and Technology. All Rights Reserved.